[Event "GER-ch Seniors 65 31st"]
[Site "Radebeul"]
[Date "2019.05.02"]
[Round "7"]
[White "Tuertmann, Dieter"]
[Black "Lenk, Wolfgang"]
[Result "1/2-1/2"]
[WhiteElo "1947"]
[BlackElo "2134"]
[PlyCount "53"]
[EventDate "2019.04.26"]
[EventType "swiss"]
[EventRounds "9"]
[EventCountry "GER"]
[SourceTitle "CBM 190 Extra"]
[Source "ChessBase"]
[SourceDate "2019.07.15"]
[SourceVersion "1"]
[SourceVersionDate "2019.07.15"]
[SourceQuality "1"]

1. b3 e5 2. Bb2 d6 3. e3 Nc6 4. Be2 g6 5. c4 Bg7 6. a3 Nge7 7. d3 0-0 8. Nd2 Rb8 9. Qc2 f5 10. Ngf3 f4 11. exf4 Rxf4 12. 0-0 Nd4 13. Nxd4 exd4 14. Rae1 c5 15. Bc1 Nc6 16. Bf3 Ne5 17. Bd5+ Kh8 18. g3 Rf8 19. Bg2 Bf5 20. Ne4 Qd7 21. f3 b5 22. f4 Ng4 23. Kh1 bxc4 24. bxc4 Rbe8 25. Rf3 Nf6 26. Rff1 Ng4 27. Rf3 1/2-1/2

[Event "GER-ch Seniors 65 31st"]
[Site "Radebeul"]
[Date "2019.04.26"]
[Round "1"]
[White "Hellwege, Werner"]
[Black "Lenk, Wolfgang"]
[Result "0-1"]
[WhiteElo "1845"]
[BlackElo "2134"]
[PlyCount "74"]
[EventDate "2019.04.26"]
[EventType "swiss"]
[EventRounds "9"]
[EventCountry "GER"]
[SourceTitle "CBM 190 Extra"]
[Source "ChessBase"]
[SourceDate "2019.07.15"]
[SourceVersion "1"]
[SourceVersionDate "2019.07.15"]
[SourceQuality "1"]

1. d4 Nf6 2. Nf3 g6 3. g3 Bg7 4. Bg2 0-0 5. 0-0 d6 6. c4 Nc6 7. Nc3 a6 8. h3 Rb8 9. e4 Nd7 10. Be3 b5 11. cxb5 axb5 12. Rc1 Na5 13. b3 c5 14. dxc5 dxc5 15. Qc2 c4 16. Nd5 e6 17. Nb4 Qe7 18. Bd2 Bb7 19. bxc4 Nxc4 20. Rfe1 Rfc8 21. Qb1 Nc5 22. Bf4 Na3 23. Nd5 exd5 24. Qb4 Ra8 25. exd5 Qf8 26. Red1 Ra4 27. Qe1 Bb2 28. Rxc5 Rxc5 29. d6 Bf6 30. d7 Rd5 31. Rxd5 Bxd5 32. Qe8 Ra8 33. Qxf8+ Kxf8 34. Nd4 Bxg2 35. Kxg2 Bxd4 36. Bd6+ Kg8 37. Bxa3 Rd8 0-1

[Event "WchT Seniors 65"]
[Site "Dresden"]
[Date "2018.07.08"]
[Round "2.6"]
[White "Povah, Nigel Edward"]
[Black "Lenk, Wolfgang"]
[Result "1-0"]
[WhiteElo "2245"]
[BlackElo "2156"]
[PlyCount "49"]
[EventDate "2018.07.07"]
[EventType "team-swiss"]
[EventRounds "9"]
[EventCountry "GER"]
[SourceTitle "CBM 185 Extra"]
[Source "ChessBase"]
[SourceDate "2018.07.29"]
[SourceVersion "1"]
[SourceVersionDate "2018.07.29"]
[SourceQuality "1"]
[WhiteTeam "England"]
[BlackTeam "Dresden TU"]
[WhiteTeamCountry "ENG"]
[BlackTeamCountry "GER"]

1. d4 Nf6 2. Bf4 g6 3. Nc3 d6 4. e4 Bg7 5. Qd2 Nbd7 6. Bh6 Bxh6 7. Qxh6 c5 8. 0-0-0 cxd4 9. Rxd4 Qb6 10. Nf3 a6 11. Bc4 Ne5 12. Nxe5 Qxd4 13. Bxf7+ Kd8 14. Qg7 Re8 15. Nd3 b5 16. Bxe8 Kxe8 17. Nd5 Ra7 18. Nxf6+ Qxf6 19. Qg8+ Kd7 20. f4 Rc7 21. Rd1 Ra7 22. e5 dxe5 23. Nxe5+ Kc7 24. g3 Qe6 25. Qxh7 1-0

[Event "GER-chT Seniors 26th"]
[Site "Templin"]
[Date "2017.09.28"]
[Round "4.15"]
[White "Stark, Hans Werner"]
[Black "Lenk, Wolfgang"]
[Result "1/2-1/2"]
[WhiteElo "2103"]
[BlackElo "2179"]
[PlyCount "46"]
[EventDate "2017.09.25"]
[EventType "team-swiss"]
[EventRounds "7"]
[EventCountry "GER"]
[SourceTitle "EXT 2019"]
[Source "ChessBase"]
[SourceDate "2018.10.10"]
[SourceVersion "1"]
[SourceVersionDate "2018.10.10"]
[SourceQuality "1"]
[WhiteTeam "Schleswig Holstein"]
[BlackTeam "Sachsen"]
[WhiteTeamCountry "GER"]
[BlackTeamCountry "GER"]

1. e4 d6 2. d4 Nf6 3. Nc3 g6 4. f4 Bg7 5. Nf3 0-0 6. Bd3 Nc6 7. Be3 Ng4 8. Bg1 e5 9. fxe5 dxe5 10. d5 Nd4 11. h3 Nh6 12. Bc4 c5 13. dxc6 bxc6 14. Qd3 Rb8 15. 0-0-0 Qb6 16. b3 Rd8 17. Kb2 Qa5 18. Nb1 Be6 19. Nxd4 exd4 20. Bh2 Bxc4 21. Qxc4 Rbc8 22. g4 Re8 23. Rhe1 Kh8 1/2-1/2

[Event "GER-chT Seniors 26th"]
[Site "Templin"]
[Date "2017.09.26"]
[Round "2.3"]
[White "Schultheis, Heinz"]
[Black "Lenk, Wolfgang"]
[Result "1/2-1/2"]
[WhiteElo "2087"]
[BlackElo "2179"]
[PlyCount "43"]
[EventDate "2017.09.25"]
[EventType "team-swiss"]
[EventRounds "7"]
[EventCountry "GER"]
[SourceTitle "EXT 2019"]
[Source "ChessBase"]
[SourceDate "2018.10.10"]
[SourceVersion "1"]
[SourceVersionDate "2018.10.10"]
[SourceQuality "1"]
[WhiteTeam "Sachsen Anhalt"]
[BlackTeam "Sachsen"]
[WhiteTeamCountry "GER"]
[BlackTeamCountry "GER"]

1. d4 Nf6 2. c4 g6 3. Nc3 Bg7 4. e4 d6 5. f3 0-0 6. Nge2 Nc6 7. Be3 a6 8. Qd2 Rb8 9. d5 Ne5 10. Nd4 c5 11. dxc6 Nxc6 12. Be2 Qa5 13. 0-0 Nxd4 14. Bxd4 Be6 15. Rfd1 Rfe8 16. a3 Rbc8 17. Nd5 Qxd2 18. Rxd2 Bxd5 19. exd5 Bh6 20. Rdd1 Nh5 21. g3 Ng7 22. Bb6 1/2-1/2

[Event "WchT Seniors 65"]
[Site "Radebeul"]
[Date "2016.07.01"]
[Round "6.3"]
[White "Stebbings, Anthony"]
[Black "Lenk, Wolfgang"]
[Result "1-0"]
[WhiteElo "2292"]
[BlackElo "2213"]
[PlyCount "83"]
[EventDate "2016.06.26"]
[EventType "team-swiss"]
[EventRounds "9"]
[EventCountry "GER"]
[SourceTitle "CBM 173 Extra"]
[Source "ChessBase"]
[SourceDate "2016.08.29"]
[SourceVersion "1"]
[SourceVersionDate "2016.08.29"]
[SourceQuality "1"]
[WhiteTeam "England"]
[BlackTeam "Dresden TU"]
[WhiteTeamCountry "ENG"]
[BlackTeamCountry "GER"]

1. d4 Nf6 2. c4 g6 3. Nc3 Bg7 4. e4 d6 5. f3 0-0 6. Be3 Nc6 7. Nge2 a6 8. Qd2 Rb8 9. Nc1 e5 10. d5 Nd4 11. Nb3 Nxb3 12. axb3 Nh5 13. 0-0-0 f5 14. Kb1 f4 15. Ba7 Ra8 16. Bf2 Rf7 17. b4 Bf8 18. c5 Rg7 19. Bd3 Bd7 20. Rc1 Qe8 21. Ne2 Bb5 22. Rc2 a5 23. Nc1 Bxd3 24. Nxd3 Qa4 25. Rcc1 axb4 26. Qxb4 Qa2+ 27. Kc2 dxc5 28. Bxc5 Ra4 29. Qb5 Nf6 30. Bxf8 Kxf8 31. Nc5 Rc4+ 32. Kd2 Rd4+ 33. Ke2 Re7 34. Ne6+ Kf7 35. Nxd4 exd4 36. Kf2 Qa7 37. Ra1 Qb8 38. Qc4 Ke8 39. Qxd4 Nd7 40. Ra7 Kf7 41. Rha1 Qf8 42. Rxb7 1-0

[Event "WchT Seniors 65"]
[Site "Radebeul"]
[Date "2016.06.27"]
[Round "2.2"]
[White "Lenk, Wolfgang"]
[Black "Mishuchkov, Nikolai Mikhailovic"]
[Result "0-1"]
[WhiteElo "2213"]
[BlackElo "2306"]
[PlyCount "150"]
[EventDate "2016.06.26"]
[EventType "team-swiss"]
[EventRounds "9"]
[EventCountry "GER"]
[SourceTitle "CBM 173 Extra"]
[Source "ChessBase"]
[SourceDate "2016.08.29"]
[SourceVersion "1"]
[SourceVersionDate "2016.08.29"]
[SourceQuality "1"]
[WhiteTeam "Dresden TU"]
[BlackTeam "St Petersburg"]
[WhiteTeamCountry "GER"]
[BlackTeamCountry "RUS"]

1. e4 c5 2. Nf3 e6 3. Nc3 a6 4. d4 cxd4 5. Nxd4 Nc6 6. g3 d6 7. Bg2 Bd7 8. 0-0 Nf6 9. Kh1 Be7 10. f4 Nxd4 11. Qxd4 Bc6 12. Be3 0-0 13. Rad1 Rc8 14. Bg1 Qc7 15. Rfe1 b5 16. a3 Rfd8 17. Qb6 Qxb6 18. Bxb6 Rd7 19. h3 h6 20. Rd2 g5 21. Be3 Nh5 22. fxg5 Bxg5 23. Kh2 Nf6 24. Bxg5 hxg5 25. Red1 Rcd8 26. Rf2 Ne8 27. Ne2 Bb7 28. Nd4 Ng7 29. c3 Rc8 30. Rfd2 Ne8 31. Nb3 Rdc7 32. Re1 Kg7 33. e5 dxe5 34. Rxe5 Kf6 35. Re3 Bxg2 36. Kxg2 Ke7 37. Red3 Nf6 38. Re2 Nd7 39. Rde3 Rg8 40. Re4 Nb6 41. Nd4 Nc4 42. Nf5+ Kf6 43. Ne3 Nxe3+ 44. R2xe3 Rd8 45. Kf3 Rd2 46. Re2 Rxe2 47. Kxe2 e5 48. Kd3 Rd7+ 49. Ke2 Kf5 50. Rb4 Rc7 51. Kd3 Rd7+ 52. Ke2 Rc7 53. Kd3 f6 54. a4 Rc5 55. axb5 axb5 56. b3 Rd5+ 57. Ke3 Ke6 58. c4 bxc4 59. bxc4 Rd4 60. Rb6+ Kf7 61. Rc6 f5 62. c5 f4+ 63. gxf4 gxf4+ 64. Kf3 Rd3+ 65. Ke4 Re3+ 66. Kf5 f3 67. Rc7+ Ke8 68. Ke6 Kd8 69. Rf7 e4 70. h4 Re2 71. Rf4 f2 72. h5 e3 73. Kd6 Rd2+ 74. Kc6 Rd1 75. h6 f1Q 0-1

[Event "Hessen-ch Seniors op 11th"]
[Site "Bad Sooden-Allendorf"]
[Date "2015.05.15"]
[Round "7"]
[White "Walther, Reinhard"]
[Black "Lenk, Wolfgang"]
[Result "1/2-1/2"]
[WhiteElo "2054"]
[BlackElo "2167"]
[PlyCount "53"]
[EventDate "2015.05.09"]
[EventType "swiss"]
[EventRounds "9"]
[EventCountry "GER"]
[SourceTitle "EXT 2018"]
[Source "ChessBase"]
[SourceDate "2017.10.13"]
[SourceVersion "1"]
[SourceVersionDate "2017.10.13"]
[SourceQuality "1"]

1. d4 Nf6 2. c4 g6 3. Nc3 Bg7 4. e4 d6 5. Nge2 0-0 6. Ng3 h5 7. h4 Nbd7 8. Be2 c5 9. Be3 cxd4 10. Bxd4 Qa5 11. a3 Ne5 12. b4 Qc7 13. Rc1 Be6 14. Nd5 Bxd5 15. cxd5 Qd7 16. 0-0 Bh6 17. f4 Neg4 18. Rc3 Rfc8 19. Rcf3 Qc7 20. Bd3 Bg7 21. Qa1 Ne8 22. Ne2 Bxd4+ 23. Qxd4 Qb6 24. Bb1 Qxd4+ 25. Nxd4 Rc4 26. Ne2 Nef6 27. Ng3 1/2-1/2

[Event "Hessen-ch Seniors op 11th"]
[Site "Bad Sooden-Allendorf"]
[Date "2015.05.12"]
[Round "4"]
[White "Ljubarskij, Jurij"]
[Black "Lenk, Wolfgang"]
[Result "1/2-1/2"]
[WhiteElo "2283"]
[BlackElo "2167"]
[PlyCount "58"]
[EventDate "2015.05.09"]
[EventType "swiss"]
[EventRounds "9"]
[EventCountry "GER"]
[SourceTitle "EXT 2018"]
[Source "ChessBase"]
[SourceDate "2017.10.13"]
[SourceVersion "1"]
[SourceVersionDate "2017.10.13"]
[SourceQuality "1"]

1. e4 d6 2. d4 Nf6 3. Bd3 g6 4. f4 Bg7 5. Nf3 0-0 6. 0-0 Nc6 7. c3 a6 8. a4 Bg4 9. h3 Bxf3 10. Qxf3 Qd7 11. Be3 e5 12. fxe5 dxe5 13. d5 Ne7 14. c4 Ne8 15. Nc3 f5 16. a5 fxe4 17. Qxe4 Nd6 18. Qg4 Qxg4 19. hxg4 Rxf1+ 20. Rxf1 Rf8 21. c5 Ne8 22. Bc4 Rxf1+ 23. Kxf1 Kf8 24. g5 Nf5 25. Ke2 Nxe3 26. Kxe3 Ke7 27. Ke4 h6 28. gxh6 Nf6+ 29. Kxe5 Nd7+ 1/2-1/2

[Event "Sachsen-Anhalt-ch Seniors 22nd"]
[Site "Halberstadt"]
[Date "2014.05.27"]
[Round "3"]
[White "Lenk, Wolfgang"]
[Black "Walther, Joachim"]
[Result "1-0"]
[WhiteElo "2035"]
[BlackElo "1807"]
[PlyCount "45"]
[EventDate "2014.05.25"]
[EventType "swiss"]
[EventRounds "7"]
[EventCountry "GER"]
[SourceTitle "EXT 2018"]
[Source "ChessBase"]
[SourceDate "2017.10.13"]
[SourceVersion "1"]
[SourceVersionDate "2017.10.13"]
[SourceQuality "1"]

1. e4 c5 2. Nf3 d6 3. d4 cxd4 4. Nxd4 Nf6 5. Nc3 a6 6. Bg5 e6 7. f4 Be7 8. Qf3 Qc7 9. 0-0-0 Bd7 10. Bd3 Nc6 11. Nxc6 Bxc6 12. Rhe1 b5 13. Bxf6 Bxf6 14. Nd5 Bxd5 15. exd5 e5 16. fxe5 Bxe5 17. Rxe5+ dxe5 18. d6 Qd8 19. d7+ Kf8 20. Bc4 bxc4 21. Qxa8 Ke7 22. Qa7 f6 23. Qc5+ 1-0

[Event "Hessen-ch Seniors op 10th"]
[Site "Bad Sooden-Allendorf"]
[Date "2014.04.29"]
[Round "4"]
[White "Krotofil, Kurt"]
[Black "Lenk, Wolfgang"]
[Result "0-1"]
[WhiteElo "1914"]
[BlackElo "2185"]
[PlyCount "54"]
[EventDate "2014.04.26"]
[EventType "swiss"]
[EventRounds "9"]
[EventCountry "GER"]
[SourceTitle "EXT 2018"]
[Source "ChessBase"]
[SourceDate "2017.10.13"]
[SourceVersion "1"]
[SourceVersionDate "2017.10.13"]
[SourceQuality "1"]

1. d4 Nf6 2. c4 g6 3. Nc3 Bg7 4. e4 d6 5. Nf3 0-0 6. Be2 Bg4 7. 0-0 Nc6 8. Be3 e5 9. d5 Ne7 10. Ne1 Bxe2 11. Qxe2 Qd7 12. f3 Nh5 13. Nd3 f5 14. c5 f4 15. Bf2 g5 16. Rfc1 Nf6 17. h3 h5 18. Nb1 g4 19. hxg4 hxg4 20. Nd2 g3 21. Be1 Qe8 22. cxd6 cxd6 23. Nf1 Qh5 24. Bxg3 fxg3 25. Nxg3 Qg5 26. Kf2 Rac8 27. Qe3 Ng4+ 0-1

[Event "EU-chT Seniors 15th"]
[Site "Dresden"]
[Date "2013.07.24"]
[Round "5"]
[White "Nickl, Klaus"]
[Black "Lenk, Wolfgang"]
[Result "1/2-1/2"]
[WhiteElo "2101"]
[BlackElo "2203"]
[PlyCount "43"]
[EventDate "2013.07.20"]
[EventType "team-swiss"]
[EventRounds "9"]
[EventCountry "GER"]
[SourceTitle "CBM 155 Extra"]
[Source "ChessBase"]
[SourceDate "2013.08.26"]
[SourceVersion "1"]
[SourceVersionDate "2013.08.26"]
[SourceQuality "1"]
[WhiteTeam "Steiermark"]
[BlackTeam "Germany II"]
[WhiteTeamCountry "AUT"]
[BlackTeamCountry "GER"]

1. d4 g6 2. Nf3 Bg7 3. Bf4 Nf6 4. e3 d6 5. h3 0-0 6. Be2 c5 7. c3 Qb6 8. Qb3 Qc6 9. Nbd2 Bf5 10. 0-0 Qc7 11. dxc5 Qxc5 12. Qxb7 Nbd7 13. Nb3 Qd5 14. Qxd5 Nxd5 15. g4 Nxf4 16. exf4 Be6 17. Nbd4 Bd5 18. b3 Rac8 19. Rac1 Nc5 20. Rfd1 Bb7 21. c4 a6 22. Bd3 1/2-1/2

[Event "Hessen-ch Seniors op 09th"]
[Site "Bad Sooden-Allendorf"]
[Date "2013.04.27"]
[Round "8"]
[White "Essegern, Kurt"]
[Black "Lenk, Wolfgang"]
[Result "1/2-1/2"]
[WhiteElo "2099"]
[BlackElo "2224"]
[PlyCount "28"]
[EventDate "2013.04.20"]
[EventType "swiss"]
[EventRounds "9"]
[EventCountry "GER"]
[SourceTitle "EXT 2019"]
[Source "ChessBase"]
[SourceDate "2018.10.10"]
[SourceVersion "1"]
[SourceVersionDate "2018.10.10"]
[SourceQuality "1"]

1. e4 d6 2. d4 Nf6 3. Nc3 g6 4. f4 c6 5. Nf3 Bg7 6. Bd3 0-0 7. 0-0 Qb6 8. Na4 Qa5 9. c4 b5 10. cxb5 cxb5 11. Nc3 b4 12. Ne2 Bb7 13. e5 Ne4 14. Be3 Nd7 1/2-1/2

[Event "Hessen-ch Seniors op 09th"]
[Site "Bad Sooden-Allendorf"]
[Date "2013.04.22"]
[Round "3"]
[White "Lenk, Wolfgang"]
[Black "Van Dongen, Rob"]
[Result "1/2-1/2"]
[WhiteElo "2224"]
[BlackElo "1954"]
[PlyCount "79"]
[EventDate "2013.04.20"]
[EventType "swiss"]
[EventRounds "9"]
[EventCountry "GER"]
[SourceTitle "EXT 2019"]
[Source "ChessBase"]
[SourceDate "2018.10.10"]
[SourceVersion "1"]
[SourceVersionDate "2018.10.10"]
[SourceQuality "1"]

1. e4 e6 2. d4 d5 3. Nc3 dxe4 4. Nxe4 Nd7 5. Nf3 Ngf6 6. Nxf6+ Nxf6 7. Ne5 Bd6 8. Qf3 0-0 9. Bg5 Be7 10. 0-0-0 Qd5 11. c4 Qxf3 12. Nxf3 Rd8 13. Bd3 h6 14. Bf4 Bd6 15. Be5 Ng4 16. Rhf1 b6 17. h3 Nxe5 18. dxe5 Be7 19. Be4 Rb8 20. Nd4 Bd7 21. Bc6 Bc5 22. Bxd7 Rxd7 23. Nc6 Rxd1+ 24. Kxd1 Ra8 25. b4 Bf8 26. Kc2 a5 27. b5 Bc5 28. f3 Kf8 29. a4 h5 30. Kd3 f5 31. g4 hxg4 32. hxg4 g6 33. g5 Kf7 34. Rh1 Kg7 35. Ke2 Rf8 36. Rd1 Rf7 37. Rd3 f4 38. Nd8 Re7 39. Nc6 Rf7 40. Nd8 1/2-1/2

[Event "GER-ch Seniors"]
[Site "Dresden"]
[Date "2012.08.16"]
[Round "8"]
[White "Schmidt, Gerhard3333"]
[Black "Lenk, Wolfgang"]
[Result "1/2-1/2"]
[WhiteElo "2232"]
[BlackElo "2228"]
[PlyCount "21"]
[EventDate "2012.08.09"]
[EventType "swiss"]
[EventRounds "9"]
[EventCountry "GER"]
[SourceTitle "EXT 2014"]
[Source "ChessBase"]
[SourceDate "2013.11.20"]
[SourceVersion "1"]
[SourceVersionDate "2013.11.20"]
[SourceQuality "1"]

1. d4 Nf6 2. c4 g6 3. Nc3 Bg7 4. Nf3 0-0 5. e3 c5 6. Be2 cxd4 7. Nxd4 Nc6 8. 0-0 d6 9. Bf3 Ne5 10. Be2 Nc6 11. Bf3 1/2-1/2

[Event "GER-ch Seniors"]
[Site "Dresden"]
[Date "2012.08.15"]
[Round "7"]
[White "Lenk, Wolfgang"]
[Black "Schumacher, Gottfried"]
[Result "1/2-1/2"]
[WhiteElo "2228"]
[BlackElo "2248"]
[PlyCount "63"]
[EventDate "2012.08.09"]
[EventType "swiss"]
[EventRounds "9"]
[EventCountry "GER"]
[SourceTitle "EXT 2014"]
[Source "ChessBase"]
[SourceDate "2013.11.20"]
[SourceVersion "1"]
[SourceVersionDate "2013.11.20"]
[SourceQuality "1"]

1. e4 c6 2. d4 d5 3. Nc3 dxe4 4. Nxe4 Bf5 5. Ng3 Bg6 6. Nf3 e6 7. Bc4 Nf6 8. 0-0 Nbd7 9. Re1 Be7 10. Qe2 Nd5 11. Bb3 0-0 12. c4 Nb4 13. Rd1 a5 14. Bd2 Re8 15. Bxb4 Bxb4 16. Bc2 a4 17. a3 Be7 18. Bxg6 hxg6 19. Qc2 Qc7 20. Rd3 Red8 21. Re1 Bf6 22. Ne4 Qa5 23. Nd6 Qa6 24. Rde3 Nb6 25. Nxf7 Kxf7 26. Rxe6 Qxc4 27. Ne5+ Bxe5 28. Qxg6+ Kg8 29. R1xe5 Qxd4 30. Re8+ Rxe8 31. Rxe8+ Rxe8 32. Qxe8+ 1/2-1/2